old school hip hop trivia - Statistics

General Stats
  • This quiz has been taken 274 times
    268 since last reset
  • The average score is 9 of 16
Answer Stats
Hint Answer % Correct
which rapper was fatally shot in 1996? tupac/2pac
98%
apart from eminem who has had the best selling rap album? tupac/2pac
98%
which artist was shot and killed in 1997? Biggie smalls/Notorious BIG
95%
Sean Combs represented which coast? east
78%
Which artist was shot 9 times in 2000 50 cent
74%
What was the name of N.W.A. debut album? straight outta Compton
74%
what does the C.R.E.A.M. stand for? Cash rules everything around me
73%
which song has the opening line "it was all a dream" juicy
64%
the rapper with the opening line "I got you stuck off the realness, we be the infamous; You heard of us" mobb deep
57%
Who released insane in the brain in 1993? Cypress hill
56%
which song released by biggie smalls in 1994 boosted tensions between east and west who shot ya?
56%
who released 'I got 5 on it' in 1995? luniz
42%
which artist released 'put it on' in 1995 Big L
39%
which group released their first album-Yo! Bum Rush the Show- in 1987? public enemy
19%
Finish the lyric- "there's gunna be a lot of slow singing and flower bringing..... if my burglar alarm starts ringing
6%
what was snoop doggs most popular single? california gurls
2%
No matching quizzes found
Score Distribution
Percent of People with Each Score
Percentile by Number Answered
Your Score History
You have not taken this quiz since the last reset